अभोगी. (Record no. 278529)

MARC details
000 -LEADER
fixed length control field 00531nam a2200181Ia 4500
008 - FIXED-LENGTH DATA ELEMENTS--GENERAL INFORMATION
fixed length control field 090630s9999 xx 000 0 und d
082 ## - DEWEY DECIMAL CLASSIFICATION NUMBER
Item number 26673
100 ## - MAIN ENTRY--PERSONAL NAME
Personal name देसाई रणजित.
245 ## - TITLE STATEMENT
Title अभोगी.
Statement of responsibility, etc देसाई रणजित.
260 ## - PUBLICATION, DISTRIBUTION, ETC. (IMPRINT)
Name of publisher, distributor, etc मेहता.
Date of publication, distribution, etc 2006
300 ## - PHYSICAL DESCRIPTION
Extent 244
600 ## - SUBJECT ADDED ENTRY--PERSONAL NAME
Personal name देसाई रणजित.
630 ## - SUBJECT ADDED ENTRY--UNIFORM TITLE
Uniform title अभोगी.
655 ## - INDEX TERM--GENRE/FORM
Genre/form data or focus term कादंबरी.
700 ## - ADDED ENTRY--PERSONAL NAME
Personal name देसाई रणजित.
730 ## - ADDED ENTRY--UNIFORM TITLE
Uniform title अभोगी.
942 ## - ADDED ENTRY ELEMENTS (KOHA)
Koha item type Book
Holdings
Withdrawn status Lost status Damaged status Not for loan Home library Current library Date acquired Cost, normal purchase price Total Checkouts Full call number Barcode Date last seen Cost, replacement price Price effective from Koha item type
        Sarvajanik Wachanalaya Shrivardhan Sarvajanik Wachanalaya Shrivardhan   150.00   26673 SAWASHRI-26673 06/30/2009 150.00 06/30/2009 Book